Los nuevos movimientos sociales y el movimiento de mujeres en El Salvador /

En este artículo se aporta al estudio de los llamados 'nuevos movimientos sociales' a partir del significado del movimiento de mujeres en El Salvador. La autora hace un abordaje sistemático de la historia de dicho movimiento y aporta un balance crítico acerca del mismo

Сохранить в:
Библиографические подробности
Главный автор: Navas, María Candelaria
Формат: Текст
Предметы:
Метки: Добавить метку
Нет меток, Требуется 1-ая метка записи!

MARC

LEADER 00000 a a2200000 04500
001 13282
003
040
100 |a Navas, María Candelaria  
245 |a Los nuevos movimientos sociales y el movimiento de mujeres en El Salvador /  |c María Candelaria Navas 
520 |a En este artículo se aporta al estudio de los llamados 'nuevos movimientos sociales' a partir del significado del movimiento de mujeres en El Salvador. La autora hace un abordaje sistemático de la historia de dicho movimiento y aporta un balance crítico acerca del mismo  
650 |a MOVIMIENTO DE MUJERES  
650 |a EL SALVADOR  
650 |a HISTORIA SOCIAL  
773 |g número 113; páginas 363-375  
999 |c 24984  |d 24984